000 00728nam a2200193 i 4500
001 161129
003 ES-MaACL
005 20230906212211.0
008 041019s1889 xx |||| | ger d
040 _aCAM
_bspa
_cCAM
100 1 _aOsann, Alfred.
_9130726
245 1 0 _a3. Beiträge zur Kenntniss der Eruptivgesteine des Cabo de Gata (Prov. Almeria) /
_cvon Herrn A. Osann in Heidelberg.
260 _a[S.l. :
_bs.n.,
_cs.a.]
300 _aP.[297]-311 ;
_c23 cm.
500 _aAbruck a. d. Zeitschr. d. Deutsch. geolog. Gesellschaft, Jahrg. 1889.
594 _aTit. tomado de comienzo del texto.
650 4 _aGeología-
_zAlmería.
_9144128
852 _aES-MaACL
_jT-1104-F-2
_z-- Enc. hol.
_z-- Enc. en un vol. facticio
999 _c161129
_d161129